[Event "Jugendweltmeisterschaft U14"]
[Site "Belfort (FRA)"]
[Date "2005.07.25"]
[Round "7"]
[White "Demuth, Adrien"]
[Black "Bogner, Sebastian"]
[Result "0-1"]
[WhiteElo "2053"]
[BlackElo "2361"]
[PlyCount "120"]
[EventDate "2005.07.18"]

1. d4 Nf6 2. Nf3 g6 3. c4 Bg7 4. Nc3 O-O 5. e4 d6 6. Be2 e5 7. O-O Nc6 8. d5
Ne7 9. b4 Nh5 10. Re1 a5 11. c5 axb4 12. cxd6 cxd6 13. Nb5 f5 14. Ng5 Nf6 15.
Qb3 h6 16. Ne6 Bxe6 17. dxe6 Nxe4 18. Qxb4 Kh7 19. Rd1 d5 20. a4 Nc6 21. Qb3
Qb6 22. Be3 d4 23. Nxd4 Qxb3 24. Nxb3 Nc3 25. Rd2 e4 26. Bf1 Rfe8 27. Nd4 Nxa4
28. Rb1 f4 29. Bxf4 Nxd4 30. Rxb7 Nxe6 31. Be3 Nac5 32. Rb5 Reb8 33. g3 Rxb5
34. Bxb5 Nb3 35. Rd7 Nbd4 36. Bc4 Ng5 37. Rxg7+ Kxg7 38. Bxd4+ Kh7 39. Be3 Ra1+
40. Kg2 Nf3 41. h4 Ne1+ 42. Kh2 Nc2 43. Bf4 Re1 44. Bd2 Rd1 45. Bf4 Rd4 46. Ba6
Rb4 47. Kg1 Rb1+ 48. Kg2 Ne1+ 49. Kh2 g5 50. hxg5 hxg5 51. Be3 g4 52. Be2 Nf3+
53. Bxf3 exf3 54. Bc1 {#} Kg6 55. Be3 Kf5 56. Bd4 Ke4 57. Be3 Kd3 58. Bd4 Ke2
59. Be3 Rf1 60. Bd4 Rxf2+ 0-1

[Event "Jugendweltmeisterschaft U14w"]
[Site "Belfort (FRA)"]
[Date "2005.07.25"]
[Round "7"]
[White "Winkelmann, Elena"]
[Black "Melekhina, Alisa"]
[Result "1-0"]
[WhiteElo "2040"]
[BlackElo "2163"]
[PlyCount "59"]
[EventDate "2005.07.18"]

1. d4 Nf6 2. c4 g6 3. f3 Bg7 4. e4 d6 5. Nc3 O-O 6. Be3 e5 7. Nge2 exd4 8. Nxd4
Nc6 9. Qd2 Ne8 10. h4 h5 11. Be2 Ne5 12. g4 Kh7 13. gxh5 gxh5 14. O-O-O Bd7 15.
Rdg1 Bf6 16. Bg5 c6 17. f4 Ng4 18. Bxg4 Bxg4 19. Rxg4 hxg4 20. e5 dxe5 21. fxe5
Be7 22. Qf4 Qd7 23. Bxe7 Qxe7 24. Qf5+ Kg8 25. Qxg4+ Ng7 26. Nf5 Qxe5 27. Rg1
Kh8 28. Qg5 Rad8 29. Qh6+ Kg8 30. Rxg7+ 1-0

[Event "Jugendweltmeisterschaft U12"]
[Site "Belfort (FRA)"]
[Date "2005.07.25"]
[Round "7"]
[White "Graf, Felix"]
[Black "Zhao, Parker"]
[Result "0-1"]
[WhiteElo "2168"]
[BlackElo "2029"]
[PlyCount "64"]
[EventDate "2005.07.18"]

1. d4 d5 2. c4 c6 3. Nc3 Nf6 4. e3 e6 5. Bd2 Nbd7 6. g4 dxc4 7. Bxc4 Nb6 8. Bb3
c5 9. g5 Nfd5 10. Ne4 cxd4 11. exd4 Bd7 12. Nf3 Bc6 13. Ne5 Nd7 14. Nxc6 bxc6
15. Rc1 Qb6 16. Bc3 Nxc3 17. bxc3 Be7 18. h4 Rd8 19. O-O Qc7 20. f4 O-O 21. Qg4
g6 22. h5 Kg7 23. Rf3 c5 24. Qh3 cxd4 25. hxg6 fxg6 26. Qh6+ Kh8 27. Rh3 Rf7
28. Rf1 Nf8 29. Bxe6 Rxf4 30. Rff3 dxc3 31. Rxc3 Qb6+ 32. Rce3 Rxe4 0-1

[Event "Jugendweltmeisterschaft U12w"]
[Site "Belfort (FRA)"]
[Date "2005.07.25"]
[Round "7"]
[White "Endress, Anna"]
[Black "Vo, Thi Kim Phung"]
[Result "0-1"]
[WhiteElo "1599"]
[BlackElo "1599"]
[PlyCount "236"]
[EventDate "2005.07.18"]

1. e4 c5 2. Nf3 e6 3. Nc3 a6 4. a4 Qc7 5. g3 Nc6 6. Bg2 Nf6 7. O-O d6 8. Kh1
Rb8 9. d4 cxd4 10. Nxd4 Be7 11. Be3 Nxd4 12. Bxd4 b6 13. Qe2 O-O 14. f4 e5 15.
Be3 exf4 16. gxf4 Re8 17. Bf3 Kh8 18. Rg1 Rg8 19. Bd4 Bb7 20. Qg2 Ne8 21. Rad1
Bf6 22. Qf2 Bxd4 23. Rxd4 Bc6 24. Rg3 Nf6 25. Rh3 h6 26. Qd2 Rbd8 27. Bg2 Qe7
28. Rhd3 Rge8 29. e5 Bxg2+ 30. Kxg2 Qb7+ 31. Kg1 Ng8 32. Rxd6 Rc8 33. Rd7 Rc7
34. Rxc7 Qxc7 35. Rd7 Qc6 36. Qd5 Qg6+ 37. Qg2 Qf5 38. Rd4 f6 39. Qe4 Qg4+ 40.
Kh1 fxe5 41. fxe5 Qh3 42. Qg2 Qe3 43. Qg1 Qf3+ 44. Qg2 Qe3 45. Qg1 Qf3+ 46. Qg2
Qf5 47. Re4 Rxe5 48. Rxe5 Qxe5 49. Qe4 Qg5 50. Qe1 Qc5 51. Kg2 Qb4 52. b3 Qg4+
53. Qg3 Qf5 54. Qf2 Qg5+ 55. Kf1 Qh5 56. Kg2 Qe5 57. Qd2 Qf5 58. Qf2 Qg5+ 59.
Kf1 Qe5 60. Qd2 Qf6+ 61. Kg1 Qc6 62. Ne2 Qc5+ 63. Kg2 Qe5 64. Kg1 Qa1+ 65. Kg2
Qe5 66. Kg1 Qe4 67. Nc3 Qg4+ 68. Kf2 h5 69. Qe2 Qh3 70. Kg1 Qxc3 71. Qxh5+ Nh6
72. Qe8+ Kh7 73. Qe4+ g6 74. Qb7+ Kg8 75. Qxb6 Qxc2 76. Qxa6 Qb1+ 77. Kg2 Qb2+
78. Kg1 Kg7 79. Qb7+ Nf7 80. a5 Qa1+ 81. Kg2 Qxa5 82. b4 Qg5+ 83. Kh1 Qc1+ 84.
Kg2 Qd2+ 85. Kg1 Qc1+ 86. Kg2 Qb2+ 87. Kg1 Qb1+ 88. Kg2 Qa2+ 89. Kg1 Kh6 90.
Qb8 Kh5 91. b5 Qa1+ 92. Kg2 Ng5 93. b6 Qb2+ 94. Kh1 Qc1+ 95. Kg2 Qd2+ 96. Kf1
Qd1+ 97. Kf2 Qf3+ 98. Ke1 Qc3+ 99. Ke2 Qf3+ 100. Ke1 Qh1+ 101. Ke2 Qg2+ 102.
Kd3 Qd5+ 103. Kc2 Qe4+ 104. Kc3 Qe3+ 105. Kb2 Qd2+ 106. Kb3 Qd3+ 107. Kb2 Qd4+
108. Kb3 Ne4 109. Qc7 Nc5+ 110. Kc2 Qd3+ 111. Kc1 Qd5 112. Qh7+ Kg5 113. Qe7+
Kf4 114. Qf6+ Ke3 115. Qxg6 Nd3+ 116. Kc2 Qc4+ 117. Kb1 Qc1+ 118. Ka2 Qb2# 0-1

[Event "Jugendweltmeisterschaft U12w"]
[Site "Belfort (FRA)"]
[Date "2005.07.25"]
[Round "7"]
[White "Smolkina, Milana"]
[Black "Smith, Stephanie"]
[Result "1/2-1/2"]
[WhiteElo "1732"]
[BlackElo "1599"]
[PlyCount "109"]
[EventDate "2005.07.18"]

1. e4 e5 2. Nf3 Nc6 3. Bb5 Nge7 4. d3 a6 5. Ba4 d6 6. Nc3 Bg4 7. O-O h6 8. Be3
g6 9. h3 Be6 10. d4 Bd7 11. Qd2 Bg7 12. dxe5 Nxe5 13. Nxe5 dxe5 14. Bb3 Bc6 15.
Rad1 Qxd2 16. Rxd2 f5 17. Rfd1 b6 18. g3 fxe4 19. Nd5 Nxd5 20. Bxd5 Bxd5 21.
Rxd5 Bf6 22. Rd7 Rd8 23. Rxd8+ Bxd8 24. Rd5 Bf6 25. Kf1 Ke7 26. Ke2 g5 27. Bc1
Ke6 28. Rd1 Be7 29. a3 Rf8 30. b4 c5 31. c3 cxb4 32. axb4 a5 33. Be3 axb4 34.
cxb4 Rb8 35. b5 Bc5 36. Rc1 Kd5 37. Rc3 Ra8 38. Bxc5 bxc5 39. b6 Ra2+ 40. Ke3
Rb2 41. Rc1 Rb3+ 42. Ke2 Rxb6 43. Rd1+ Kc6 44. Ke3 Rb4 45. Ra1 Kb5 46. Rd1 Rd4
47. Rb1+ Kc4 48. Rb6 Kd5 49. Rxh6 c4 50. Rh8 Rd3+ 51. Ke2 c3 52. Rd8+ Kc4 53.
Rb8 Kc5 54. Rc8+ Kb6 55. h4 1/2-1/2

[Event "Jugendweltmeisterschaft U10"]
[Site "Belfort (FRA)"]
[Date "2005.07.25"]
[Round "7"]
[White "Amangeldiev, Gurbangeldi"]
[Black "Xu, Xianliang"]
[Result "1/2-1/2"]
[WhiteElo "1599"]
[BlackElo "1599"]
[PlyCount "142"]
[EventDate "2005.07.18"]

1. d4 d5 2. e3 Bf5 3. Bd3 Bxd3 4. Qxd3 Nc6 5. Nf3 Nf6 6. Qb5 Rb8 7. a3 Qd7 8.
Nc3 a6 9. Qd3 e6 10. Bd2 Bd6 11. O-O O-O 12. Rac1 Ne7 13. Ne2 Ng6 14. Ng3 Rfe8
15. c4 c6 16. c5 Bc7 17. Ne1 e5 18. Nc2 e4 19. Qe2 a5 20. b4 axb4 21. axb4 Ra8
22. Ra1 Qg4 23. h3 Qxe2 24. Nxe2 Nd7 25. Nc3 b6 26. g3 b5 27. Rxa8 Rxa8 28. Ra1
Rxa1+ 29. Nxa1 Kf8 30. Nb3 Ke7 31. Na2 Kf6 32. Kg2 Kf5 33. Na5 Nb8 34. Nb7 Ke6
35. Nc1 Nf8 36. f4 h6 37. Na5 Kf6 38. Ne2 Ke6 39. Nb3 Nfd7 40. Na1 Nf6 41. Nc2
Nbd7 42. g4 Ne8 43. Ng3 g6 44. Ne1 Ng7 45. h4 f6 46. Kh3 Bd8 47. Ng2 g5 48.
hxg5 hxg5 49. f5+ Kf7 50. Ne1 Bc7 51. Ne2 Nb8 52. Nc2 Kg8 53. Be1 Nd7 54. Bg3
Bxg3 55. Kxg3 Nb8 56. Nc1 Ne8 57. Nb3 Kf7 58. Na5 Ke7 59. Na1 Kd7 60. Kf2 Kc7
61. Ke2 Na6 62. Nc2 Nb8 63. Kd2 Ng7 64. Kc3 Ne8 65. Nb3 Ng7 66. Nd2 Kd7 67. Nf1
Ne8 68. Na1 Kc7 69. Nb3 Nd7 70. Ng3 Nb8 71. Nd2 Kd7 1/2-1/2

[Event "Jugendweltmeisterschaft U10"]
[Site "Belfort (FRA)"]
[Date "2005.07.25"]
[Round "7"]
[White "Lapidus, Mark"]
[Black "Kaphle, Sebastian"]
[Result "1-0"]
[WhiteElo "1599"]
[BlackElo "1944"]
[PlyCount "39"]
[EventDate "2005.07.18"]

1. e4 c5 2. Nf3 Nc6 3. d4 cxd4 4. Nxd4 g6 5. Nc3 Bg7 6. Be3 Nf6 7. Bc4 Qa5 8.
O-O O-O 9. Re1 Qb4 10. Bb3 Nxe4 11. Nxe4 Nxd4 12. c3 Ne2+ 13. Rxe2 Qxe4 14. Bc5
Qc6 15. Bxe7 Re8 16. Bd5 Qb6 17. a4 d6 18. Bxf7+ Kh8 19. a5 Qc5 20. Bxd6 1-0

[Event "Jugendweltmeisterschaft U10"]
[Site "Belfort (FRA)"]
[Date "2005.07.25"]
[Round "7"]
[White "Loiseau, Quentin"]
[Black "Zier, Oliver"]
[Result "1-0"]
[WhiteElo "1599"]
[BlackElo "1821"]
[PlyCount "67"]
[EventDate "2005.07.18"]

1. e4 c5 2. Nf3 e6 3. d4 cxd4 4. Nxd4 Nf6 5. Nc3 Nc6 6. Ndb5 Bc5 7. Bf4 O-O 8.
Bd6 Qb6 9. Bxc5 Qxc5 10. Qd6 Qb6 11. Qc7 Qc5 12. Qd6 Qg5 13. Qg3 Qxg3 14. hxg3
a6 15. Nd6 Ne8 16. Nxe8 Rxe8 17. O-O-O Rd8 18. f4 f6 19. Be2 b5 20. Bf3 e5 21.
Rd2 Nd4 22. Ne2 Nxf3 23. gxf3 Bb7 24. Rhd1 Bc6 25. Nc3 exf4 26. gxf4 Kf7 27.
Nd5 Rab8 28. Nb4 Rdc8 29. Nxa6 Ra8 30. Nb4 Kg6 31. Rg1+ Kf7 32. Nxc6 dxc6 33.
Rd7+ Kg8 34. Rdxg7+ 1-0

[Event "Jugendweltmeisterschaft U18"]
[Site "Belfort (FRA)"]
[Date "2005.07.25"]
[Round "8"]
[White "Braun, Arik"]
[Black "Porat, Ido"]
[Result "1-0"]
[WhiteElo "2475"]
[BlackElo "2354"]
[PlyCount "111"]
[EventDate "2005.07.18"]

1. d4 d5 2. c4 e6 3. Nc3 Be7 4. cxd5 exd5 5. Bf4 Nf6 6. e3 O-O 7. Bd3 c5 8.
Nge2 Nc6 9. dxc5 Bxc5 10. O-O Be6 11. Rc1 Bd6 12. Qa4 Ne5 13. Rfd1 Qb6 14. Qb5
Nxd3 15. Qxb6 axb6 16. Rxd3 Be7 17. a3 Rac8 18. f3 Rfd8 19. Kf2 h6 20. Rdd1 Kf8
21. Nd4 Rc4 22. b3 Rc5 23. Ncb5 Rdc8 24. Nc7 Bd7 25. b4 Rxc1 26. Rxc1 Ne8 27.
Rc3 Nxc7 28. Rxc7 Rxc7 29. Bxc7 b5 30. Be5 f6 31. Bc7 Ke8 32. g4 Bd8 33. Bxd8
Kxd8 34. Ke2 Ke7 35. Kd3 Kd6 36. Nb3 b6 37. Kd4 Be6 38. Nc1 Bd7 39. Ne2 Be8 40.
h4 Bf7 41. Nc3 Kc6 42. f4 Be6 43. g5 Bf7 44. gxf6 gxf6 45. f5 Bg8 46. e4 dxe4
47. Nxe4 Bh7 48. Nxf6 Bxf5 49. Ng8 Kd6 50. Nxh6 Be6 51. h5 Bc8 52. Nf7+ Ke6 53.
Nd8+ Ke7 54. h6 Bf5 55. Ke5 Bh7 56. Ne6 1-0

[Event "Jugendweltmeisterschaft U18w"]
[Site "Belfort (FRA)"]
[Date "2005.07.25"]
[Round "8"]
[White "Melia, Salome"]
[Black "Hoolt, Sarah"]
[Result "1-0"]
[WhiteElo "2305"]
[BlackElo "2127"]
[PlyCount "41"]
[EventDate "2005.07.18"]

1. e4 c5 2. Nf3 a6 3. d4 cxd4 4. Nxd4 Nf6 5. Nc3 e5 6. Nf3 Bb4 7. Bd2 O-O 8.
Bc4 Bxc3 9. Bxc3 Nxe4 10. Bxe5 Qa5+ 11. c3 Qc5 12. Qd4 Nc6 13. Qxe4 Re8 14.
O-O-O Nxe5 15. Bxf7+ Kxf7 16. Rd5 Nd3+ 17. Qxd3 Qxf2 18. Ng5+ Ke7 19. Rf1 Qb6
20. Rf7+ Kd8 21. Rdxd7+ 1-0

[Event "Jugendweltmeisterschaft U16"]
[Site "Belfort (FRA)"]
[Date "2005.07.25"]
[Round "8"]
[White "Bindrich, Falko"]
[Black "Kharchenko, Boris"]
[Result "1-0"]
[WhiteElo "2391"]
[BlackElo "2370"]
[PlyCount "57"]
[EventDate "2005.07.18"]

1. e4 d5 2. exd5 Qxd5 3. Nc3 Qa5 4. d4 Nf6 5. Bc4 Bg4 6. f3 Bf5 7. g4 Bg6 8.
Bd2 c6 9. Qe2 e6 10. O-O-O Qc7 11. h4 h6 12. Nh3 Bd6 13. Ne4 Nd5 14. Nxd6+ Qxd6
15. h5 Bh7 16. g5 Bf5 17. gxh6 gxh6 18. Nf2 Nd7 19. Ne4 Qc7 20. Qh2 Qxh2 21.
Rxh2 Ke7 22. Bxd5 exd5 23. Bb4+ Ke6 24. Nd6 Kf6 25. Rh4 a5 26. Bd2 Rag8 27. Re1
Be6 28. Rf4+ Ke7 {#} 29. Rxf7+ 1-0

[Event "Jugendweltmeisterschaft U16"]
[Site "Belfort (FRA)"]
[Date "2005.07.25"]
[Round "8"]
[White "Edouard, Romain"]
[Black "Brener, Ilja"]
[Result "1-0"]
[WhiteElo "2334"]
[BlackElo "2316"]
[PlyCount "103"]
[EventDate "2005.07.18"]

1. e4 c5 2. Nf3 Nc6 3. d4 cxd4 4. Nxd4 Nf6 5. Nc3 e5 6. Ndb5 d6 7. Bg5 a6 8.
Na3 b5 9. Bxf6 gxf6 10. Nd5 f5 11. Bd3 Be6 12. c3 Bg7 13. Nxb5 Bxd5 14. exd5
Ne7 15. Na3 O-O 16. O-O e4 17. Bc2 Ng6 18. Qh5 Qf6 19. f4 Rfc8 20. Qe2 Rc5 21.
Bb3 Qd8 22. Kh1 a5 23. Bc4 Rb8 24. Rab1 a4 25. Nc2 Qc8 26. Ne3 Rc7 27. Ba6 Qd7
28. c4 Bd4 29. Bb5 Rxb5 30. cxb5 Bxe3 31. Qxe3 Qxb5 32. Qd2 Ne7 33. Rfc1 Rxc1+
34. Rxc1 Nxd5 35. Qd4 Qb7 36. h3 Nxf4 37. Qxd6 Ne6 38. Qg3+ Kf8 39. Qc3 Qb5 40.
Qa3+ Kg7 41. Qc3+ Kg6 42. b3 axb3 43. Qg3+ Kh6 44. Qh4+ Kg7 45. Qg3+ Kh6 46.
Qxb3 Qe5 47. Qc3 Qd5 48. Qf6+ Kh5 49. Rf1 Ng5 50. Rxf5 Qd2 51. Qxf7+ Kh4 52.
Rf4+ 1-0

[Event "Jugendweltmeisterschaft U16w"]
[Site "Belfort (FRA)"]
[Date "2005.07.25"]
[Round "8"]
[White "Laake, Jasmin"]
[Black "Benmesbah, Natacha"]
[Result "1/2-1/2"]
[WhiteElo "1936"]
[BlackElo "2127"]
[PlyCount "67"]
[EventDate "2005.07.18"]

1. e4 c5 2. Nf3 d6 3. d4 cxd4 4. Nxd4 Nf6 5. Nc3 g6 6. Be2 Bg7 7. Bg5 O-O 8.
O-O Nc6 9. Nb3 a6 10. f4 Be6 11. Kh1 Rc8 12. Bf3 Bc4 13. Re1 e5 14. Qd2 exf4
15. Rad1 Ne5 16. Qxd6 Qxd6 17. Rxd6 Nxf3 18. gxf3 Nh5 19. Rd7 b5 20. Rd6 h6 21.
Bh4 Rfe8 22. Kg2 Re6 23. Red1 b4 24. Rd8+ Rxd8 25. Rxd8+ Kh7 26. Na4 Rc6 27.
Na5 Rc7 28. Nxc4 Rxc4 29. Rd2 Rc6 30. Be7 a5 31. Bd8 Ra6 32. Rd5 Rc6 33. Rd2
Ra6 34. Rd5 1/2-1/2

[Event "Jugendweltmeisterschaft U16w"]
[Site "Belfort (FRA)"]
[Date "2005.07.25"]
[Round "8"]
[White "Rysbayeva, Nazerke"]
[Black "Ohme, Melanie"]
[Result "1-0"]
[WhiteElo "1599"]
[BlackElo "2066"]
[PlyCount "59"]
[EventDate "2005.07.18"]

1. e4 c5 2. Nf3 e6 3. c3 Nf6 4. e5 Nd5 5. d4 cxd4 6. cxd4 d6 7. a3 Nc6 8. Bd3
Qc7 9. O-O Bd7 10. Re1 Be7 11. Qe2 O-O 12. Qe4 f5 13. exf6 Nxf6 14. Qh4 g6 15.
Ng5 Nh5 16. Nc3 Qa5 17. Qg4 Bxg5 18. Bxg5 Rf7 19. Qh4 Nxd4 20. b4 Qb6 21. Be3
Nf5 22. Bxf5 Qc6 23. Bxg6 hxg6 24. Ne4 d5 25. Ng5 Rff8 26. g4 Nf6 27. Bd4 e5
28. Bxe5 Rfe8 29. Qh6 Rxe5 30. Qxg6+ 1-0

[Event "Jugendweltmeisterschaft U16w"]
[Site "Belfort (FRA)"]
[Date "2005.07.25"]
[Round "8"]
[White "Shmirina, Evgenija"]
[Black "Iurascu, Mihaela"]
[Result "1-0"]
[WhiteElo "2157"]
[BlackElo "1901"]
[PlyCount "109"]
[EventDate "2005.07.18"]

1. e4 c6 2. d4 d5 3. Nc3 dxe4 4. Nxe4 Bf5 5. Ng3 Bg6 6. Nf3 Nd7 7. h4 h6 8. h5
Bh7 9. Bd3 Bxd3 10. Qxd3 e6 11. Bf4 Qa5+ 12. Bd2 Qc7 13. O-O-O Ngf6 14. Qe2
O-O-O 15. Ne5 Nb6 16. Ba5 Bd6 17. Ne4 Nxe4 18. Qxe4 Rhf8 19. g3 c5 20. f4 cxd4
21. Rxd4 Qc5 22. Bb4 Qc7 23. Bxd6 Rxd6 24. Rxd6 Qxd6 25. Rd1 Qc7 26. Rd4 Qe7
27. b3 Qa3+ 28. Kb1 Qe7 29. Kb2 Rd8 30. Rxd8+ Kxd8 31. c4 Ke8 32. Kc3 a5 33.
Nd3 Kf8 34. Qe5 Nd7 35. Qxa5 Qf6+ 36. Kc2 b6 37. Qa8+ Ke7 38. Qa3+ Ke8 39. Qa8+
Ke7 40. Qe4 Qa1 41. a4 Qa2+ 42. Kc3 Qa1+ 43. Kb4 Qd1 44. Qe3 Qxh5 45. Ne5 Nc5
46. Kb5 Nd7 47. Ka6 Qh1 48. Nxd7 Qa8+ 49. Kxb6 Qd8+ 50. Ka6 Qc8+ 51. Ka5 Kxd7
52. Qd4+ Ke7 53. c5 Qa8+ 54. Kb5 Qb7+ 55. Kc4 1-0

[Event "Jugendweltmeisterschaft U16w"]
[Site "Belfort (FRA)"]
[Date "2005.07.25"]
[Round "8"]
[White "Laurens, Julia"]
[Black "Fuchs, Judith"]
[Result "1-0"]
[WhiteElo "2034"]
[BlackElo "1999"]
[PlyCount "79"]
[EventDate "2005.07.18"]

1. d4 d5 2. c4 e6 3. Nc3 Nf6 4. cxd5 Nxd5 5. e4 Nxc3 6. bxc3 c5 7. Nf3 cxd4 8.
cxd4 Bb4+ 9. Bd2 Bxd2+ 10. Qxd2 O-O 11. Bc4 Nd7 12. O-O Nf6 13. Rfe1 b6 14. Ne5
Bb7 15. f3 Qe7 16. Rac1 Rfd8 17. Bb5 Ne8 18. Re3 Qd6 19. Rd3 Rac8 20. Nc4 Qe7
21. e5 Bc6 22. Ba6 Bb7 23. Bb5 Bc6 24. Bxc6 Rxc6 25. Ne3 Rc7 26. f4 Rdc8 27.
Rf1 Rd7 28. f5 exf5 29. Nxf5 Qe6 30. Rg3 g6 31. d5 Qxe5 32. Re3 Qc7 33. Qd4 f6
34. d6 Qc5 35. Ne7+ Kf7 36. Qe4 Rcd8 37. Qe6+ Kg7 38. Kh1 Qxd6 39. Qg8+ Kh6 40.
Nf5+ 1-0

[Event "Jugendweltmeisterschaft U14"]
[Site "Belfort (FRA)"]
[Date "2005.07.25"]
[Round "8"]
[White "Wei, Chenpeng"]
[Black "Huschenbeth, Niclas"]
[Result "0-1"]
[WhiteElo "2406"]
[BlackElo "2180"]
[PlyCount "136"]
[EventDate "2005.07.18"]

1. e4 e5 2. Nf3 Nc6 3. Bb5 Bc5 4. O-O Qf6 5. c3 Nge7 6. d3 h6 7. Be3 Bb6 8.
Nbd2 O-O 9. Nc4 d6 10. d4 Bg4 11. Nxb6 axb6 12. Be2 Rfe8 13. h3 exd4 14. cxd4
Bd7 15. d5 Nb4 16. a3 Na6 17. Kh1 Nc5 18. Bd4 Qg6 19. Bxc5 bxc5 20. Bd3 Qf6 21.
Qb3 Bxh3 22. Rfe1 Bc8 23. e5 dxe5 24. Rxe5 Bg4 25. Re3 Bxf3 26. Rxf3 Qd6 27.
Rd1 b6 28. g3 Rad8 29. Kg2 Nxd5 30. Bc4 c6 31. Rf5 Re5 32. Rf3 b5 33. Bf1 c4
34. Qc2 Qg6 35. Qxg6 fxg6 36. b3 cxb3 37. Rxb3 Re6 38. Rc1 Kf7 39. a4 bxa4 40.
Ra3 Ra8 41. Bc4 Ke7 42. Rca1 Re4 43. Bd3 Rd4 44. Bxg6 Kd6 45. Kf3 Rc4 46. Ke2
Rc3 47. Rxa4 Rxa4 48. Rxa4 Rxg3 49. fxg3 Nc3+ 50. Kf3 Nxa4 51. Kg4 Nc3 52. Bd3
Nd5 53. Kf3 Ne7 54. Ke4 c5 55. Bc4 Ng6 56. Bd3 Ne5 57. Be2 Ke6 58. Bd1 c4 59.
Kd4 g5 60. g4 Nd3 61. Be2 Ne5 62. Bd1 Nc6+ 63. Kc5 Ne5 64. Kd4 Nc6+ 65. Kc5 Ne7
66. Kd4 c3 67. Kxc3 Ke5 68. Kd3 Kf4 0-1

[Event "Jugendweltmeisterschaft U14"]
[Site "Belfort (FRA)"]
[Date "2005.07.25"]
[Round "8"]
[White "Bogner, Sebastian"]
[Black "Ly, Moulthun"]
[Result "1/2-1/2"]
[WhiteElo "2361"]
[BlackElo "2117"]
[PlyCount "103"]
[EventDate "2005.07.18"]

1. e4 e6 2. d4 d5 3. Nc3 Nf6 4. e5 Ne4 5. Qg4 c5 6. Nxe4 dxe4 7. Qxe4 cxd4 8.
Nf3 Nc6 9. Bd3 Bb4+ 10. Bd2 Qa5 11. Bxb4 Qxb4+ 12. Nd2 Bd7 13. O-O-O O-O-O 14.
Nc4 Kb8 15. Nd6 Rhf8 16. f4 f6 17. Nc4 h6 18. Rhe1 Qc5 19. exf6 Rxf6 20. g3 g5
21. Rf1 Rdf8 22. Ne5 Nxe5 23. Qxe5+ Qc7 24. Qxd4 gxf4 25. gxf4 Rxf4 26. Rxf4
Qxf4+ 27. Qxf4+ Rxf4 28. Rf1 Rh4 29. Rf2 Kc7 30. Kd2 e5 31. Re2 Kd6 32. c4 Bc6
33. b4 e4 34. Bc2 Ke5 35. b5 Bd7 36. Kc3 b6 37. a4 Rh3+ 38. Kb4 e3 39. c5 Bg4
40. Re1 bxc5+ 41. Kxc5 e2 42. Kc4 Rxh2 43. a5 Rf2 44. Kc3 Rf1 45. Kd2 Kd4 46.
b6 axb6 47. axb6 Rf8 48. Bd3 Ra8 49. b7 Rb8 50. Bxe2 Bxe2 51. Kxe2 Rxb7 52. Kf3
1/2-1/2

[Event "Jugendweltmeisterschaft U14w"]
[Site "Belfort (FRA)"]
[Date "2005.07.25"]
[Round "8"]
[White "Le, Hoan Tran Chau"]
[Black "Winkelmann, Elena"]
[Result "1/2-1/2"]
[WhiteElo "1599"]
[BlackElo "2040"]
[PlyCount "98"]
[EventDate "2005.07.18"]

1. d4 d5 2. Nf3 c6 3. c4 e6 4. cxd5 exd5 5. Nc3 Nf6 6. Bg5 Be7 7. Qc2 Nbd7 8.
e3 Nf8 9. Bd3 Ne6 10. Bh4 g6 11. O-O Ng7 12. Rab1 Bf5 13. h3 Bxd3 14. Qxd3 Nf5
15. Bxf6 Bxf6 16. b4 a6 17. Rfc1 O-O 18. a4 b5 19. Nd2 Nd6 20. Nb3 Nc4 21. Nc5
Be7 22. Qd1 Bxc5 23. dxc5 f5 24. Ne2 Qd7 25. axb5 axb5 26. Ra1 Rac8 27. Qd4 g5
28. Ra6 h6 29. Rca1 Qg7 30. Qxg7+ Kxg7 31. Nd4 Rf6 32. Ra7+ Kg6 33. Re7 f4 34.
Raa7 fxe3 35. fxe3 Rcf8 36. Kh2 Rg8 37. g4 h5 38. Nf5 Rxf5 39. gxf5+ Kxf5 40.
Kg3 h4+ 41. Kf3 Ne5+ 42. Ke2 g4 43. hxg4+ Rxg4 44. Rh7 Rxb4 45. Rh5+ Kf6 46.
Rah7 Rc4 47. Rxh4 Rc2+ 48. Kd1 Rxc5 49. R7h6+ Ke7 1/2-1/2

[Event "Jugendweltmeisterschaft U14w"]
[Site "Belfort (FRA)"]
[Date "2005.07.25"]
[Round "8"]
[White "Orehek, Spela"]
[Black "Jussupow, Ekaterina"]
[Result "1/2-1/2"]
[WhiteElo "1749"]
[BlackElo "1992"]
[PlyCount "80"]
[EventDate "2005.07.18"]

1. e4 e5 2. Nf3 Nf6 3. Nxe5 d6 4. Nf3 Nxe4 5. d4 d5 6. Bd3 Nc6 7. Qe2 Be7 8.
Bxe4 dxe4 9. Qxe4 Be6 10. c3 Qd7 11. Bf4 O-O-O 12. O-O Bd5 13. Qe3 Rde8 14. Qd3
Qg4 15. Bg3 Be4 16. Qd1 h5 17. h3 Qf5 18. Nbd2 Bc2 19. Qc1 g5 20. Nc4 Qh7 21.
Ne3 Bd3 22. Re1 g4 23. hxg4 hxg4 24. Nh2 f5 25. Qd2 Be4 26. Nef1 Reg8 27. d5
Bg5 28. Qd1 Ne7 29. Be5 Ng6 30. Bxh8 Bxg2 31. Qa4 Qxh8 32. Rad1 Bf3 33. Nxf3
gxf3 34. Qxa7 Ne5 35. Ng3 Qh3 36. Qa8+ Kd7 37. Qa4+ Kd8 38. Qa8+ Ke7 39. Rxe5+
Kf7 40. Rxf5+ Bf6 1/2-1/2

[Event "Jugendweltmeisterschaft U12"]
[Site "Belfort (FRA)"]
[Date "2005.07.25"]
[Round "8"]
[White "Atabayev, Yusup"]
[Black "Graf, Felix"]
[Result "1-0"]
[WhiteElo "1599"]
[BlackElo "2168"]
[PlyCount "67"]
[EventDate "2005.07.18"]

1. e4 e6 2. d4 d5 3. Nc3 Bb4 4. a3 Bxc3+ 5. bxc3 dxe4 6. Qg4 Nf6 7. Qxg7 Rg8 8.
Qh6 c5 9. Qe3 Nc6 10. Ne2 Qa5 11. Bd2 Qa4 12. Ra2 Na5 13. Qf4 Rg6 14. h4 h5 15.
Qe5 Nc4 16. Qxc5 Nxd2 17. Kxd2 e3+ 18. Kc1 b6 19. Qe5 Ng4 20. Qxh5 Nxf2 21. Nf4
Ke7 22. Nxg6+ fxg6 23. Qg5+ Kd6 24. Rg1 Bb7 25. Qxe3 Bd5 26. Qxf2 Bxa2 27. Kb2
Bd5 28. Bd3 Rc8 29. Rf1 Qa5 30. Qe1 Bxg2 31. Qg3+ Ke7 32. Qxg2 Qxc3+ 33. Kb1
Qxd4 34. Qb7+ 1-0

[Event "Jugendweltmeisterschaft U12w"]
[Site "Belfort (FRA)"]
[Date "2005.07.25"]
[Round "8"]
[White "Endress, Anna"]
[Black "Adamowicz, Katarzyna"]
[Result "1-0"]
[WhiteElo "1599"]
[BlackElo "1885"]
[PlyCount "81"]
[EventDate "2005.07.18"]

1. e4 e5 2. Nf3 Nc6 3. Bc4 Bc5 4. b4 Bxb4 5. c3 Bc5 6. d4 exd4 7. cxd4 Bb4+ 8.
Bd2 Bxd2+ 9. Nbxd2 d6 10. O-O Nf6 11. Re1 O-O 12. Nf1 Bg4 13. Ne3 Bxf3 14. gxf3
Nh5 15. Kh1 Nf4 16. Rb1 Na5 17. Qd2 c6 18. Rg1 Ng6 19. Bd3 b6 20. Ng4 c5 21. d5
Re8 22. f4 f6 23. Rg3 Rc8 24. Rbg1 Rc7 25. f5 Nf8 26. Qh6 Ng6 27. Qh5 Nf4 28.
Qh4 Kh8 29. Nxf6 Qxf6 30. Qxf4 c4 31. Bc2 Nb7 32. Rh3 b5 33. Rg6 Qf7 34. Qh4
Qg8 35. Qg5 Ree7 36. f6 Rf7 37. e5 dxe5 38. Qxe5 b4 {#} 39. fxg7+ Rxg7 40. Rxg7
Qxg7 41. Rxh7+ 1-0

[Event "Jugendweltmeisterschaft U12w"]
[Site "Belfort (FRA)"]
[Date "2005.07.25"]
[Round "8"]
[White "Jimenez Lupianez, Laura"]
[Black "Smolkina, Milana"]
[Result "1/2-1/2"]
[WhiteElo "1599"]
[BlackElo "1732"]
[PlyCount "48"]
[EventDate "2005.07.18"]

1. e4 c5 2. Nf3 d6 3. d4 cxd4 4. Nxd4 Nf6 5. Nc3 g6 6. Be3 Bg7 7. f3 O-O 8. Qd2
Nc6 9. Bc4 Bd7 10. O-O-O Rb8 11. g4 b5 12. Bb3 Ne5 13. Nd5 Nc4 14. Nxf6+ Bxf6
15. Bxc4 bxc4 16. c3 a5 17. Bh6 Re8 18. h4 Qb6 19. Be3 Qb7 20. h5 g5 21. h6 a4
22. a3 Kh8 23. Rh2 Rg8 24. Kb1 Be5 1/2-1/2

[Event "Jugendweltmeisterschaft U10"]
[Site "Belfort (FRA)"]
[Date "2005.07.25"]
[Round "8"]
[White "Xu, Xianliang"]
[Black "Cao, Jiajie"]
[Result "1/2-1/2"]
[WhiteElo "1599"]
[BlackElo "1599"]
[PlyCount "59"]
[EventDate "2005.07.18"]

1. c4 Nf6 2. g3 g6 3. Bg2 Bg7 4. Nf3 O-O 5. O-O d6 6. Nc3 Nc6 7. d3 a6 8. Rb1
Rb8 9. b4 Bd7 10. a4 e6 11. b5 axb5 12. axb5 Ne7 13. Bb2 c6 14. bxc6 bxc6 15.
Ba1 Rxb1 16. Qxb1 Qc7 17. Qc2 d5 18. e3 Rb8 19. Rb1 Qc8 20. Rxb8 Qxb8 21. Qb2
Qxb2 22. Bxb2 Kf8 23. Kf1 Ke8 24. Ke2 Kd8 25. cxd5 cxd5 26. Kd2 Ng4 27. Ke2 h5
28. h3 Nh6 29. d4 Nhf5 30. Kd3 1/2-1/2

[Event "Jugendweltmeisterschaft U18"]
[Site "Belfort (FRA)"]
[Date "2005.07.26"]
[Round "9"]
[White "Amin, Bassem"]
[Black "Braun, Arik"]
[Result "1-0"]
[WhiteElo "2400"]
[BlackElo "2475"]
[PlyCount "91"]
[EventDate "2005.07.18"]

1. e4 c6 2. d3 d5 3. Nd2 e5 4. Ngf3 Bd6 5. d4 exd4 6. exd5 c5 7. Bb5+ Kf8 8.
O-O Nf6 9. c3 a6 10. Ba4 dxc3 11. bxc3 Nxd5 12. Ne4 Be7 13. Bb3 Nc7 14. Qxd8+
Bxd8 15. Nd6 Be6 16. Nxb7 Be7 17. Be3 c4 18. Bc2 Nc6 19. Rad1 Nb5 20. Nc5 Nxc3
21. Nxe6+ fxe6 22. Rd7 Rc8 23. Bd2 Nxa2 24. Re1 Nab4 25. Ba4 Nd3 26. Re4 Nd8
27. g4 h6 28. Nd4 c3 29. Nxe6+ Nxe6 30. Rxd3 cxd2 31. Rxe6 Rc4 32. Rxa6 Bg5 33.
Rd7 Rc1+ 34. Kg2 Kg8 35. Raa7 Bf6 36. Rxd2 h5 37. Bc2 Rh6 38. Ra8+ Kf7 39. Rd7+
Ke6 40. Bf5+ Ke5 41. Re8+ Kf4 42. Re4+ Kg5 43. Rd5 hxg4 44. Rxg4+ Kh5 45. Kh3
g5 {#} 46. Bd3 1-0